Tiszatáj 1974/5
Elmentve itt :
| Dokumentumtípus: | Folyóirat |
|---|---|
| Megjelent: |
1974
|
| Sorozat: | Tiszatáj
28 No. 5 |
| Online Access: | http://tiszataj.bibl.u-szeged.hu/170 |
| LEADER | 00437nas a2200145 i 4500 | ||
|---|---|---|---|
| 001 | tisza170 | ||
| 005 | 20200415090941.0 | ||
| 008 | 160906s1974 hu o 0|| hun d | ||
| 022 | |a 0133-1167 | ||
| 040 | |a SZTE Tiszatáj Archívum |b hun | ||
| 041 | |a hun | ||
| 245 | 0 | 0 | |a Tiszatáj 1974/5 |h [elektronikus dokumentum] |
| 260 | |c 1974 | ||
| 490 | 0 | |a Tiszatáj |v 28 No. 5 | |
| 856 | 4 | 0 | |u http://tiszataj.bibl.u-szeged.hu/170/1/tiszataj_1974_005.pdf |z Dokumentum-elérés |